[Event "18th Charleroi Open-A 2019"]
[Site "Charleroi"]
[Date "2019.07.30"]
[Round "5.7"]
[White "Klinova, Masha"]
[Black "Huynh, Laurent"]
[Result "1/2-1/2"]
[WhiteElo "2269"]
[BlackElo "2111"]
[Annotator "NA"]
[PlyCount "140"]
[EventDate "2019.07.22"]
[EventType "swiss"]
[EventCountry "BEL"]
[SourceTitle "playchess.com"]
[Source "ChessBase"]
[SourceQuality "1"]
[TimeControl "40/5400+30:1800+30"]

1. e4 {[%emt 0:00:00]} e5 {[%emt 0:01:10]} 2. Nf3 {[%emt 0:00:00]} Nc6 {[%emt 0:00:19]} 3. Bc4 {[%emt 0:00:00]} Bc5 {[%emt 0:00:04]} 4. d3 {[%emt 0:00:00]} Nf6 {[%emt 0:00:26]} 5. O-O {[%emt 0:00:03]} a6 {[%emt 0:00:18]} 6. Bb3 {[%emt 0:00:08]} Ba7 {[%emt 0:00:12]} 7. c3 {[%emt 0:00:58]} d6 {[%emt 0:00:49]} 8. Be3 {[%emt 0:00:43]} O-O {[%emt 0:00:23]} 9. Nbd2 {[%emt 0:00:24]} h6 {[%emt 0:03:16]} 10. h3 {[%emt 0:01:38]} Ne7 {[%emt 0:01:21]} 11. d4 {[%emt 0:03:23]} Ng6 {[%emt 0:01:09]} 12. Re1 {[%emt 0:08:34]} Re8 {[%emt 0:01:19]} 13. a4 {[%emt 0:09:00]} Bd7 {[%emt 0:16:53]} 14. a5 {[%emt 0:03:27]} Qc8 {[%emt 0:07:03]} 15. Nh2 {[%emt 0:11:12]} Be6 {[%emt 0:04:23]} 16. Bxe6 {[%emt 0:04:49]} Qxe6 {[%emt 0:00:26]} 17. d5 {[%emt 0:00:06]} Qd7 {[%emt 0:01:22]} 18. Ng4 {[%emt 0:01:46]} Nxg4 {[%emt 0:01:55]} 19. Qxg4 {[%emt 0:00:26]} Qxg4 {[%emt 0:00:41]} 20. hxg4 {[%emt 0:00:08]} Nf4 {[%emt 0:00:20]} 21. Bxa7 {[%emt 0:01:17]} Rxa7 {[%emt 0:00:05]} 22. Re3 {[%emt 0:00:06]} g5 {[%emt 0:00:58]} 23. g3 {[%emt 0:00:43]} Ng6 {[%emt 0:00:05]} 24. c4 {[%emt 0:00:22]} Nf8 {[%emt 0:00:21]} 25. b4 {[%emt 0:04:13]} Nd7 {[%emt 0:00:42]} 26. Nb3 {[%emt 0:01:11]} b6 {[%emt 0:01:40]} 27. Rc3 {[%emt 0:12:44]} Rb8 {[%emt 0:01:48]} 28. Kg2 {[%emt 0:03:58]} Kg7 {[%emt 0:01:04]} 29. axb6 {[%emt 0:04:55]} cxb6 {[%emt 0:02:36]} 30. Kf3 {[%emt 0:04:51]} Rc8 {[%emt 0:01:14]} 31. Ke3 {[%emt 0:00:57]} Rac7 {[%emt 0:01:27]} 32. Nd2 {[%emt 0:01:48]} Nb8 {[%emt 0:03:37]} 33. Kd3 {[%emt 0:00:35]} Kf6 {[%emt 0:10:07]} 34. Nf1 {[%emt 0:02:27]} a5 {[%emt 0:02:07]} 35. bxa5 {[%emt 0:02:50]} b5 {[%emt 0:00:17]} 36. Nd2 {[%emt 0:12:40]} Na6 {[%emt 0:00:24]} 37. Rb1 {[%emt 0:02:50]} b4 {[%emt 0:01:18]} 38. Rc2 {[%emt 0:00:24]} b3 {[%emt 0:02:15]} 39. Rcb2 {[%emt 0:00:27]} Nc5+ {[%emt 0:00:55]} 40. Ke3 {[%emt 0:00:28]} Rb8 {[%emt 0:00:30]} 41. a6 {[%emt 0:30:14]} Ra7 {[%emt 0:32:50]} 42. Nxb3 {[%emt 0:00:00]} Na4 {[%emt 0:00:00]} 43. Rc2 {[%emt 0:00:00]} Rxa6 {[%emt 0:00:00]} 44. Rcc1 {[%emt 0:00:00]} Rab6 {[%emt 0:00:00]} 45. Nd2 {[%emt 0:00:00]} Nc5 {[%emt 0:00:00]} 46. Rxb6 {[%emt 0:00:00]} Rxb6 {[%emt 0:00:00]} 47. Rb1 {[%emt 0:00:00]} Ra6 {[%emt 0:00:00]} 48. Rb2 {[%emt 0:00:00]} Kg6 {[%emt 0:00:00]} 49. f3 {[%emt 0:00:00]} h5 {[%emt 0:00:00]} 50. gxh5+ {[%emt 0:00:00]} Kxh5 {[%emt 0:00:00]} 51. g4+ {[%emt 0:00:00]} Kg6 {[%emt 0:35:21]} 52. Nb1 {[%emt 0:00:00]} Kf6 {[%emt 0:00:00]} 53. Kd2 {[%emt 0:00:00]} Ke7 {[%emt 0:00:00]} 54. Nc3 {[%emt 0:10:15]} Ra3 {[%emt 0:00:00]} 55. Kc2 {[%emt 0:00:00]} Ra1 {[%emt 0:37:21]} 56. Rb1 {[%emt 0:00:00]} Ra3 {[%emt 0:00:00]} 57. Rb5 {[%emt 0:00:00]} Ra1 {[%emt 0:00:00]} 58. Nb1 {[%emt 0:00:00]} Ra2+ {[%emt 0:00:00]} 59. Rb2 {[%emt 0:00:00]} Ra4 {[%emt 0:00:00]} 60. Nd2 {[%emt 0:00:00]} Kd7 {[%emt 0:00:00]} 61. Kc3 {[%emt 0:00:41]} Ra3+ {[%emt 0:00:00]} 62. Kc2 {[%emt 0:01:20]} Ra4 {[%emt 0:00:00]} 63. Kb1 {[%emt 0:01:35]} Ra3 {[%emt 0:00:00]} 64. Ra2 {[%emt 0:00:06]} Rc3 {[%emt 0:00:00]} 65. Kb2 {[%emt 0:00:23]} Re3 {[%emt 0:00:00]} 66. Kc2 {[%emt 0:00:19]} Nd3 {[%emt 0:00:00]} 67. Ra7+ {[%emt 0:00:53]} Ke8 {[%emt 0:00:00]} 68. Ra8+ {[%emt 0:01:21]} Ke7 {[%emt 0:00:00]} 69. Ra7+ {[%emt 0:00:03]} Ke8 {[%emt 0:00:00]} 70. Ra8+ {[%emt 0:00:33]} Ke7 {[%emt 0:00:00]} 1/2-1/2

[Event "18th Charleroi Open-A 2019"]
[Site "Charleroi"]
[Date "2019.07.30"]
[Round "5.8"]
[White "Hoffmeister, Frank"]
[Black "Ghyselen, Wouter"]
[Result "1/2-1/2"]
[WhiteElo "2187"]
[BlackElo "2078"]
[Annotator "NA"]
[PlyCount "66"]
[EventDate "2019.07.22"]
[EventType "swiss"]
[EventCountry "BEL"]
[SourceTitle "playchess.com"]
[Source "ChessBase"]
[SourceQuality "1"]
[TimeControl "40/5400+30:1800+30"]

1. d4 {[%emt 0:00:00]} f5 {[%emt 0:00:01]} 2. g3 {[%emt 0:00:00]} Nf6 {[%emt 0:00:06]} 3. Bg2 {[%emt 0:00:00]} g6 {[%emt 0:00:07]} 4. Nf3 {[%emt 0:00:05]} Bg7 {[%emt 0:00:05]} 5. c4 {[%emt 0:00:13]} O-O {[%emt 0:00:15]} 6. O-O {[%emt 0:00:05]} d6 {[%emt 0:00:25]} 7. Nc3 {[%emt 0:00:20]} c6 {[%emt 0:00:30]} 8. d5 {[%emt 0:00:59]} Bd7 {[%emt 0:00:23]} 9. Be3 {[%emt 0:10:59]} Na6 {[%emt 0:04:52]} 10. Rc1 {[%emt 0:05:23]} c5 {[%emt 0:19:50]} 11. Qd2 {[%emt 0:02:40]} Nc7 {[%emt 0:04:57]} 12. Bh6 {[%emt 0:04:34]} Rb8 {[%emt 0:06:53]} 13. Bxg7 {[%emt 0:02:22]} Kxg7 {[%emt 0:00:02]} 14. e4 {[%emt 0:09:26]} fxe4 {[%emt 0:06:15]} 15. Ng5 {[%emt 0:00:12]} b5 {[%emt 0:02:03]} 16. b3 {[%emt 1:00:42]} bxc4 {[%emt 0:10:35]} 17. bxc4 {[%emt 0:00:00]} Rb4 {[%emt 0:00:08]} 18. Ncxe4 {[%emt 0:00:00]} h6 {[%emt 0:05:36]} 19. Nxf6 {[%emt 0:00:00]} exf6 {[%emt 0:00:13]} 20. Ne4 {[%emt 0:00:00]} Bc8 {[%emt 0:02:35]} 21. a3 {[%emt 0:00:00]} Ra4 {[%emt 0:04:13]} 22. Qc3 {[%emt 0:00:00]} Ba6 {[%emt 0:00:57]} 23. Qb3 {[%emt 0:00:00]} Ra5 {[%emt 0:02:09]} 24. Rfe1 {[%emt 0:00:00]} Na8 {[%emt 0:17:24]} 25. Bf1 {[%emt 0:00:00]} Nb6 {[%emt 0:01:51]} 26. Re3 {[%emt 0:00:00]} Ra4 {[%emt 0:00:54]} 27. Nd2 {[%emt 0:00:00]} Re8 {[%emt 0:05:51]} 28. Rce1 {[%emt 0:00:00]} Rxe3 {[%emt 0:00:30]} 29. Rxe3 {[%emt 0:00:00]} Kf7 {[%emt 0:00:29]} 30. Qc3 {[%emt 0:01:32]} Bc8 {[%emt 0:02:23]} 31. Bd3 {[%emt 0:00:56]} f5 {[%emt 0:00:39]} 32. Bc2 {[%emt 0:02:02]} Ra6 {[%emt 0:00:26]} 33. Qb3 {[%emt 0:01:43]} Bd7 {[%emt 0:00:37]} 1/2-1/2

[Event "18th Charleroi Open-A 2019"]
[Site "Charleroi"]
[Date "2019.07.30"]
[Round "5.9"]
[White "Van Malder, Dries"]
[Black "Butzen, Robin"]
[Result "1/2-1/2"]
[WhiteElo "2178"]
[BlackElo "1967"]
[Annotator "ChessBase"]
[PlyCount "94"]
[EventDate "2019.07.22"]
[EventType "swiss"]
[EventCountry "BEL"]
[SourceTitle "playchess.com"]
[Source "ChessBase"]
[SourceQuality "1"]
[TimeControl "40/5400+30:1800+30"]

1. e4 {[%emt 1:30:30]} c5 {[%emt 1:30:30]} 2. Nf3 {[%emt 0:00:30]} d6 {[%emt 0:00:30]} 3. Bb5+ {[%emt 0:00:30]} Nd7 {[%emt 0:00:30]} 4. c3 {[%emt 0:00:30]} a6 {[%emt 0:00:30]} 5. Ba4 {[%emt 0:00:30]} Ngf6 {[%emt 0:00:30]} 6. Qe2 {[%emt 0:00:30]} b5 {[%emt 0:00:30]} 7. Bc2 {[%emt 0:00:30]} Bb7 {[%emt 0:00:30]} 8. d4 {[%emt 0:00:30]} g6 {[%emt 0:00:30]} 9. O-O {[%emt 0:00:30]} Bg7 {[%emt 0:00:30]} 10. Re1 {[%emt 0:00:30]} e5 {[%emt 0:00:30]} 11. a4 {[%emt 0:00:30]} b4 {[%emt 0:00:30]} 12. dxe5 {[%emt 0:00:30]} dxe5 {[%emt 0:00:30]} 13. Rd1 {[%emt 0:00:30]} Qc7 {[%emt 0:00:30]} 14. Nbd2 {[%emt 0:00:30]} bxc3 {[%emt 0:00:30]} 15. bxc3 a5 16. Rb1 O-O {[%emt 0:01:00]} 17. Nc4 {[%emt 0:01:30]} Ba6 {[%emt 0:00:30]} 18. Bd3 {[%emt 0:00:30]} Rfd8 {[%emt 0:00:30]} 19. Bg5 {[%emt 0:00:30]} h6 {[%emt 0:00:30]} 20. Bxf6 {[%emt 0:00:30]} Bxf6 {[%emt 0:00:30]} 21. Ne3 {[%emt 0:00:30]} Bb7 {[%emt 0:00:30]} 22. Qc2 {[%emt 0:00:30]} Rab8 {[%emt 0:00:30]} 23. Rb2 {[%emt 0:00:30]} Nb6 {[%emt 0:00:30]} 24. Rdb1 {[%emt 0:00:30]} Ba8 {[%emt 0:00:30]} 25. h3 {[%emt 0:00:30]} Bg5 {[%emt 0:00:30]} 26. Nc4 {[%emt 0:00:30]} Nxc4 {[%emt 0:00:30]} 27. Rxb8 {[%emt 0:00:30]} Rxb8 {[%emt 0:00:30]} 28. Rxb8+ {[%emt 0:00:30]} Qxb8 {[%emt 0:00:30]} 29. Bxc4 {[%emt 0:00:30]} Bc6 {[%emt 0:00:30]} 30. Qa2 {[%emt 0:00:30]} Bxe4 {[%emt 0:00:30]} 31. Bxf7+ {[%emt 0:00:30]} Kg7 {[%emt 0:00:30]} 32. Nxg5 {[%emt 0:00:30]} hxg5 {[%emt 0:00:30]} 33. Qc4 {[%emt 0:00:30]} Qd6 {[%emt 0:00:30]} 34. Qxe4 {[%emt 0:00:30]} Kxf7 {[%emt 0:00:30]} 35. Qb7+ {[%emt 0:00:30]} Kf6 {[%emt 0:00:30]} 36. Qb5 {[%emt 0:00:30]} Qc7 {[%emt 0:00:30]} 37. Qa6+ {[%emt 0:00:30]} Kg7 {[%emt 0:00:30]} 38. Qe6 {[%emt 0:00:30]} Kh6 {[%emt 0:00:30]} 39. Qg8 {[%emt 0:00:30]} g4 {[%emt 0:00:30]} 40. h4 {[%emt 0:00:30]} Qg7 {[%emt 0:00:30]} 41. Qxg7+ {[%emt 0:30:30]} Kxg7 {[%emt 0:30:30]} 42. Kh2 {[%emt 0:00:30]} Kf6 {[%emt 0:00:30]} 43. Kg3 {[%emt 0:00:30]} Kf5 {[%emt 0:00:30]} 44. f3 {[%emt 0:00:30]} gxf3 {[%emt 0:00:30]} 45. Kxf3 {[%emt 0:00:30]} e4+ {[%emt 0:00:30]} 46. Ke3 {[%emt 0:00:30]} c4 {[%emt 0:00:30]} 47. Kd4 {[%emt 0:00:30]} Kf4 1/2-1/2

[Event "18th Charleroi Open-A 2019"]
[Site "Charleroi"]
[Date "2019.07.30"]
[Round "5.10"]
[White "Godry, Clement"]
[Black "Dauw, Sterre"]
[Result "0-1"]
[WhiteElo "1962"]
[BlackElo "2148"]
[Annotator "NA"]
[PlyCount "46"]
[EventDate "2019.07.22"]
[EventType "swiss"]
[EventCountry "BEL"]
[SourceTitle "playchess.com"]
[Source "ChessBase"]
[SourceQuality "1"]
[TimeControl "40/5400+30:1800+30"]

1. c4 {[%emt 0:00:00]} c5 {[%emt 0:01:08]} 2. Nc3 {[%emt 0:00:18]} Nf6 {[%emt 0:00:07]} 3. Nf3 {[%emt 0:00:09]} Nc6 {[%emt 0:03:28]} 4. d4 {[%emt 0:00:30]} cxd4 {[%emt 0:00:05]} 5. Nxd4 {[%emt 0:00:09]} g6 {[%emt 0:04:01]} 6. e4 {[%emt 1:31:54]} d6 {[%emt 0:00:24]} 7. Be2 {[%emt 0:00:14]} Bg7 {[%emt 0:00:07]} 8. Be3 {[%emt 0:00:07]} O-O {[%emt 1:24:40]} 9. O-O {[%emt 0:00:26]} Nd7 {[%emt 0:01:18]} 10. Qd2 {[%emt 0:04:53]} Nxd4 {[%emt 0:04:06]} 11. Bxd4 {[%emt 0:00:21]} Bxd4 {[%emt 0:00:07]} 12. Qxd4 {[%emt 0:00:12]} Qb6 {[%emt 1:20:55]} 13. Qd2 {[%emt 0:02:48]} a5 {[%emt 0:08:11]} 14. Nd5 {[%emt 0:01:42]} Qd8 {[%emt 0:00:27]} 15. Qg5 {[%emt 0:01:56]} Re8 {[%emt 0:16:42]} 16. f4 {[%emt 0:05:55]} Nf6 {[%emt 0:02:19]} 17. Bf3 {[%emt 0:06:43]} Nxd5 {[%emt 0:02:44]} 18. cxd5 {[%emt 1:10:13]} Qb6+ {[%emt 0:01:06]} 19. Rf2 {[%emt 0:00:52]} Bd7 {[%emt 0:00:40]} 20. g3 {[%emt 0:00:16]} Rac8 {[%emt 0:49:23]} 21. Kg2 {[%emt 0:00:06]} Bh3+ {[%emt 0:00:04]} 22. Kxh3 {[%emt 0:00:33]} Qxf2 {[%emt 0:00:15]} 23. Bd1 {[%emt 0:00:48]} Qxb2 {[%emt 0:01:01]} 0-1

[Event "18th Charleroi Open-A 2019"]
[Site "Charleroi"]
[Date "2019.07.30"]
[Round "5.11"]
[White "De Villers, Mourad"]
[Black "Ramacker, Quinten"]
[Result "1-0"]
[WhiteElo "2140"]
[BlackElo "2006"]
[Annotator "NA"]
[PlyCount "47"]
[EventDate "2019.07.22"]
[EventType "swiss"]
[EventCountry "BEL"]
[SourceTitle "playchess.com"]
[Source "ChessBase"]
[SourceQuality "1"]
[TimeControl "40/5400+30:1800+30"]

1. c4 {[%emt 0:00:00]} c5 {[%emt 0:00:28]} 2. g3 {[%emt 0:00:00]} g6 {[%emt 0:01:56]} 3. Bg2 {[%emt 0:00:04]} Bg7 {[%emt 0:00:23]} 4. Nc3 {[%emt 0:00:46]} Nc6 {[%emt 0:00:28]} 5. Nf3 {[%emt 0:00:27]} d6 {[%emt 0:01:38]} 6. O-O {[%emt 0:03:59]} Nh6 {[%emt 0:03:54]} 7. d4 {[%emt 0:03:50]} cxd4 {[%emt 0:00:43]} 8. Bxh6 {[%emt 0:00:36]} Bxh6 {[%emt 0:00:08]} 9. Nxd4 {[%emt 0:00:08]} Nxd4 {[%emt 0:00:05]} 10. Qxd4 {[%emt 0:00:48]} O-O {[%emt 0:00:06]} 11. c5 {[%emt 0:03:59]} Bg7 {[%emt 0:05:58]} 12. Qe3 {[%emt 0:01:14]} dxc5 {[%emt 0:23:46]} 13. Qxc5 {[%emt 0:00:48]} Bd4 {[%emt 0:00:18]} 14. Qa3 {[%emt 0:02:06]} e6 {[%emt 0:10:48]} 15. Rfd1 {[%emt 0:06:51]} Qb6 {[%emt 0:03:13]} 16. Na4 {[%emt 0:05:38]} Bxf2+ {[%emt 0:07:36]} 17. Kf1 {[%emt 0:00:37]} Qe3 {[%emt 0:02:45]} 18. Rd3 {[%emt 0:01:35]} Qh6 {[%emt 0:02:43]} 19. Kxf2 {[%emt 0:00:25]} b5 {[%emt 0:00:08]} 20. Nc5 {[%emt 0:06:39]} f5 {[%emt 0:01:14]} 21. Kg1 {[%emt 0:00:45]} f4 {[%emt 0:01:01]} 22. Bxa8 {[%emt 0:01:31]} fxg3 {[%emt 0:00:28]} 23. Rxg3 {[%emt 0:00:23]} Qf4 {[%emt 0:00:19]} 24. Qe3 {[%emt 0:00:47]} 1-0

[Event "18th Charleroi Open-A 2019"]
[Site "Charleroi"]
[Date "2019.07.30"]
[Round "5.12"]
[White "Werner, Ivan"]
[Black "Vernimmen, Pierre"]
[Result "1-0"]
[WhiteElo "2129"]
[BlackElo "1911"]
[Annotator "NA"]
[PlyCount "51"]
[EventDate "2019.07.22"]
[EventType "swiss"]
[EventCountry "BEL"]
[SourceTitle "playchess.com"]
[Source "ChessBase"]
[SourceQuality "1"]
[TimeControl "40/5400+30:1800+30"]

1. e4 {[%emt 0:00:00]} c5 {[%emt 0:00:00]} 2. Nf3 {[%emt 0:00:00]} d6 {[%emt 0:00:00]} 3. d4 {[%emt 0:00:00]} cxd4 {[%emt 0:00:00]} 4. Nxd4 {[%emt 0:00:00]} Nf6 {[%emt 0:00:02]} 5. Nc3 {[%emt 0:00:00]} a6 {[%emt 0:00:07]} 6. Bc4 {[%emt 0:00:00]} e6 {[%emt 0:00:17]} 7. O-O {[%emt 0:00:06]} b5 {[%emt 0:00:45]} 8. Bb3 {[%emt 0:00:06]} Be7 {[%emt 0:00:36]} 9. f4 {[%emt 0:01:42]} O-O {[%emt 0:02:40]} 10. Be3 {[%emt 0:02:12]} b4 {[%emt 0:06:02]} 11. Na4 {[%emt 0:00:08]} Nxe4 {[%emt 0:06:22]} 12. Nf5 {[%emt 0:09:37]} exf5 {[%emt 0:10:16]} 13. Qd5 {[%emt 0:02:08]} Nc6 {[%emt 0:05:03]} 14. Qxc6 {[%emt 0:00:14]} Bd7 {[%emt 0:01:28]} 15. Qb7 {[%emt 0:03:10]} Rb8 {[%emt 0:03:56]} 16. Qa7 {[%emt 0:01:21]} Ra8 {[%emt 0:10:32]} 17. Qd4 {[%emt 0:02:22]} Bb5 {[%emt 0:03:37]} 18. Rfd1 {[%emt 0:30:08]} Qe8 {[%emt 0:15:08]} 19. Nb6 {[%emt 0:02:56]} Bf6 {[%emt 0:01:39]} 20. Qxb4 {[%emt 0:04:28]} a5 {[%emt 0:07:40]} 21. Qa3 {[%emt 0:05:42]} Nc3 {[%emt 0:01:03]} 22. Re1 {[%emt 0:01:08]} Qxe3+ {[%emt 0:06:03]} 23. Rxe3 {[%emt 0:01:02]} Bd4 {[%emt 0:00:36]} 24. Nxa8 {[%emt 0:03:13]} Bxe3+ {[%emt 0:00:08]} 25. Kh1 {[%emt 0:00:53]} Ne4 {[%emt 0:01:59]} 26. Bxf7+ {[%emt 0:00:38]} 1-0

[Event "18th Charleroi Open-A 2019"]
[Site "Charleroi"]
[Date "2019.07.30"]
[Round "5.13"]
[White "Vanden Bussche, Steven"]
[Black "Anciaux, Marc"]
[Result "0-1"]
[WhiteElo "2061"]
[BlackElo "2120"]
[Annotator "NA"]
[PlyCount "86"]
[EventDate "2019.07.22"]
[EventType "swiss"]
[EventCountry "BEL"]
[SourceTitle "playchess.com"]
[Source "ChessBase"]
[SourceQuality "1"]
[TimeControl "40/5400+30:1800+30"]

1. c4 {[%emt 0:00:00]} Nf6 {[%emt 0:02:24]} 2. g3 {[%emt 0:00:00]} e6 {[%emt 0:00:07]} 3. Bg2 {[%emt 0:00:00]} d5 {[%emt 0:00:02]} 4. Nf3 {[%emt 0:00:00]} Be7 {[%emt 0:00:07]} 5. O-O {[%emt 0:00:00]} O-O {[%emt 0:00:07]} 6. b3 {[%emt 0:00:05]} c5 {[%emt 0:01:32]} 7. Bb2 {[%emt 0:00:09]} Nc6 {[%emt 0:00:22]} 8. e3 {[%emt 0:00:11]} b6 {[%emt 0:01:38]} 9. d3 {[%emt 0:02:32]} Bb7 {[%emt 0:00:47]} 10. Nbd2 {[%emt 0:00:32]} Qc7 {[%emt 0:04:34]} 11. Qe2 {[%emt 0:00:24]} Rad8 {[%emt 0:01:20]} 12. cxd5 {[%emt 0:03:46]} Nxd5 {[%emt 0:08:14]} 13. Nc4 {[%emt 0:03:28]} Bf6 {[%emt 0:04:14]} 14. Bxf6 {[%emt 0:01:58]} Nxf6 {[%emt 0:00:29]} 15. Rac1 {[%emt 0:02:32]} e5 {[%emt 0:04:56]} 16. Rfd1 {[%emt 0:01:46]} Rfe8 {[%emt 0:01:25]} 17. a3 {[%emt 0:02:28]} Qe7 {[%emt 1:06:12]} 18. Qc2 {[%emt 0:13:04]} h6 {[%emt 0:00:00]} 19. Nh4 {[%emt 0:02:30]} g6 {[%emt 0:00:00]} 20. Nd2 {[%emt 0:09:49]} Na5 {[%emt 0:00:00]} 21. Nhf3 {[%emt 0:03:01]} e4 {[%emt 0:00:00]} 22. dxe4 {[%emt 0:01:03]} Nxe4 {[%emt 0:00:00]} 23. Nxe4 {[%emt 0:04:09]} Bxe4 {[%emt 0:00:00]} 24. Qc3 {[%emt 0:00:05]} Qe6 {[%emt 0:00:00]} 25. b4 {[%emt 0:09:54]} Nb3 {[%emt 0:00:00]} 26. Rxd8 {[%emt 0:01:30]} Rxd8 {[%emt 0:00:00]} 27. Re1 {[%emt 0:00:35]} Qd5 {[%emt 0:00:00]} 28. Nh4 {[%emt 0:02:07]} Bxg2 {[%emt 0:00:00]} 29. Nxg2 {[%emt 0:00:07]} Nd2 {[%emt 0:00:00]} 30. Kh1 {[%emt 0:03:48]} Ne4 {[%emt 0:00:00]} 31. Qb2 {[%emt 0:03:39]} c4 {[%emt 0:00:00]} 32. f3 {[%emt 0:04:54]} Nd2 {[%emt 0:00:00]} 33. Qf6 {[%emt 0:01:57]} Rd6 {[%emt 0:00:00]} 34. Qf4 {[%emt 0:00:09]} g5 {[%emt 0:00:00]} 35. Qg4 {[%emt 0:01:21]} Qxf3 {[%emt 0:00:00]} 36. Qxf3 {[%emt 0:05:53]} Nxf3 {[%emt 0:00:00]} 37. Rc1 {[%emt 0:01:04]} c3 {[%emt 0:00:00]} 38. Rxc3 {[%emt 0:03:05]} Rd1+ {[%emt 0:00:00]} 39. Ne1 {[%emt 0:00:02]} Nxe1 {[%emt 0:00:00]} 40. Rc7 {[%emt 0:00:07]} Rd2 {[%emt 0:00:00]} 41. Kg1 {[%emt 0:30:18]} Nf3+ {[%emt 0:29:43]} 42. Kf1 {[%emt 0:00:08]} Nxh2+ {[%emt 0:00:18]} 43. Ke1 {[%emt 0:00:05]} Nf3+ {[%emt 0:00:08]} 0-1

[Event "18th Charleroi Open-A 2019"]
[Site "Charleroi"]
[Date "2019.07.30"]
[Round "5.14"]
[White "Roels, Frederik"]
[Black "Sclacmender, Julien"]
[Result "1/2-1/2"]
[WhiteElo "1944"]
[BlackElo "2269"]
[Annotator "NA"]
[PlyCount "105"]
[EventDate "2019.07.22"]
[EventType "swiss"]
[EventCountry "BEL"]
[SourceTitle "playchess.com"]
[Source "ChessBase"]
[SourceQuality "1"]
[TimeControl "40/5400+30:1800+30"]

1. d4 {[%emt 0:00:00]} Nf6 {[%emt 0:01:41]} 2. Nf3 {[%emt 0:00:00]} g6 {[%emt 0:00:03]} 3. g3 {[%emt 0:00:00]} Bg7 {[%emt 0:00:04]} 4. Bg2 {[%emt 0:00:00]} O-O {[%emt 0:00:19]} 5. O-O {[%emt 0:00:07]} d6 {[%emt 0:02:45]} 6. c4 {[%emt 0:01:33]} c6 {[%emt 0:05:10]} 7. Nc3 {[%emt 0:05:17]} a6 {[%emt 0:06:11]} 8. a4 {[%emt 0:02:05]} a5 {[%emt 0:09:04]} 9. b3 {[%emt 0:05:35]} Na6 {[%emt 0:02:01]} 10. Bb2 {[%emt 0:00:21]} Qb6 {[%emt 0:01:53]} 11. e3 {[%emt 0:02:13]} Bf5 {[%emt 0:10:16]} 12. Ba3 {[%emt 0:10:42]} Nb4 {[%emt 0:05:59]} 13. Ne1 {[%emt 0:08:25]} e5 {[%emt 0:12:46]} 14. Rc1 {[%emt 0:13:47]} Rfe8 {[%emt 0:05:45]} 15. Bxb4 {[%emt 0:01:59]} Qxb4 {[%emt 0:02:39]} 16. e4 {[%emt 0:07:51]} Bg4 {[%emt 0:01:30]} 17. f3 {[%emt 0:00:12]} Bc8 {[%emt 0:04:07]} 18. d5 {[%emt 0:00:31]} Bh6 {[%emt 0:04:23]} 19. Rc2 {[%emt 0:05:08]} cxd5 {[%emt 0:02:44]} 20. Nb5 {[%emt 0:05:05]} Qc5+ {[%emt 0:03:53]} 21. Kh1 {[%emt 0:00:09]} d4 {[%emt 0:04:32]} 22. Nd3 {[%emt 0:00:27]} Qb6 {[%emt 0:00:24]} 23. c5 {[%emt 0:00:29]} dxc5 {[%emt 0:00:23]} 24. Rxc5 {[%emt 0:00:20]} Nd7 {[%emt 0:02:01]} 25. Rc7 {[%emt 0:01:53]} Nf8 {[%emt 0:02:34]} 26. Rc5 {[%emt 0:02:12]} Nd7 {[%emt 0:01:57]} 27. Rc7 {[%emt 0:00:07]} Nf8 {[%emt 0:02:20]} 28. Rc5 {[%emt 0:00:22]} Ne6 {[%emt 0:01:50]} 29. Rxe5 {[%emt 0:00:12]} Bd7 {[%emt 0:00:59]} 30. Nb2 {[%emt 0:27:58]} Bc6 {[%emt 0:01:14]} 31. Nc4 {[%emt 0:00:00]} Qd8 {[%emt 0:00:06]} 32. Rd5 {[%emt 0:00:00]} Bxd5 {[%emt 0:00:45]} 33. exd5 {[%emt 0:00:00]} Qxd5 {[%emt 0:00:30]} 34. Nb6 {[%emt 0:00:00]} Qc5 {[%emt 0:00:34]} 35. Nxa8 {[%emt 0:00:00]} Rxa8 {[%emt 0:01:01]} 36. f4 {[%emt 0:00:00]} Rd8 {[%emt 0:01:39]} 37. f5 {[%emt 0:00:00]} gxf5 {[%emt 0:00:39]} 38. Qh5 {[%emt 0:00:00]} Bg7 {[%emt 0:00:34]} 39. Rxf5 {[%emt 0:00:00]} Qe7 {[%emt 0:00:28]} 40. Na3 {[%emt 0:00:00]} d3 {[%emt 0:01:12]} 41. Nc4 {[%emt 0:17:48]} Nd4 {[%emt 0:19:49]} 42. Rf1 {[%emt 0:00:00]} Nxb3 {[%emt 0:01:38]} 43. Bd5 {[%emt 0:00:00]} Rf8 {[%emt 0:01:07]} 44. Qf5 {[%emt 0:00:00]} Nc5 {[%emt 0:01:42]} 45. Nxa5 {[%emt 0:00:00]} b6 {[%emt 0:04:23]} 46. Nc4 {[%emt 0:00:00]} Qd7 {[%emt 0:01:57]} 47. Qxd7 {[%emt 0:00:00]} Nxd7 {[%emt 0:00:01]} 48. Rd1 {[%emt 0:00:00]} Nc5 {[%emt 0:01:39]} 49. Nxb6 {[%emt 0:00:00]} Rd8 {[%emt 0:01:04]} 50. a5 {[%emt 0:00:00]} Bd4 {[%emt 0:00:33]} 51. Kg2 {[%emt 0:00:00]} Ne6 {[%emt 0:01:16]} 52. Bxe6 {[%emt 0:00:00]} Bxb6 {[%emt 0:00:25]} 53. Bxf7+ {[%emt 0:00:00]} 1/2-1/2

[Event "18th Charleroi Open-A 2019"]
[Site "Charleroi"]
[Date "2019.07.30"]
[Round "5.17"]
[White "Miulescu, Gabriel"]
[Black "Goormachtigh, Johan"]
[Result "0-1"]
[WhiteElo "2020"]
[BlackElo "2164"]
[Annotator "NA"]
[PlyCount "46"]
[EventDate "2019.07.22"]
[EventType "swiss"]
[EventCountry "BEL"]
[SourceTitle "playchess.com"]
[Source "ChessBase"]
[SourceQuality "1"]
[TimeControl "40/5400+30:1800+30"]

1. e4 {[%emt 1:30:30]} c5 {[%emt 0:00:00]} 2. Nf3 {[%emt 0:00:00]} e6 {[%emt 0:00:09]} 3. d4 {[%emt 0:00:00]} cxd4 {[%emt 0:00:06]} 4. Nxd4 {[%emt 0:00:00]} Nc6 {[%emt 0:00:18]} 5. Nc3 {[%emt 0:00:14]} Qc7 {[%emt 0:00:42]} 6. Be3 {[%emt 0:01:12]} a6 {[%emt 0:00:16]} 7. Qd2 {[%emt 0:00:42]} Nf6 {[%emt 0:00:26]} 8. O-O-O {[%emt 0:00:37]} Bb4 {[%emt 0:02:26]} 9. f3 {[%emt 0:02:44]} O-O {[%emt 0:00:22]} 10. g4 {[%emt 0:03:09]} b5 {[%emt 0:00:45]} 11. g5 {[%emt 0:02:16]} Nh5 {[%emt 0:00:49]} 12. a3 {[%emt 0:03:40]} Be7 {[%emt 0:00:00]} 13. Be2 {[%emt 0:02:19]} Nxd4 {[%emt 0:00:00]} 14. Qxd4 {[%emt 0:00:00]} Nf4 {[%emt 0:00:00]} 15. h4 {[%emt 0:00:00]} Rd8 {[%emt 0:02:00]} 16. Rdg1 {[%emt 0:00:00]} Qxc3 {[%emt 0:00:00]} 17. Qxc3 {[%emt 0:00:00]} Nxe2+ {[%emt 0:01:00]} 18. Kd2 {[%emt 0:00:00]} Nxc3 {[%emt 0:00:00]} 19. Kxc3 {[%emt 0:00:00]} d5 {[%emt 0:00:00]} 20. e5 {[%emt 0:00:00]} d4+ {[%emt 0:00:00]} 21. Bxd4 {[%emt 0:00:00]} Bb7 {[%emt 0:00:00]} 22. Rh3 {[%emt 0:00:00]} Rac8+ {[%emt 0:00:00]} 23. Kd3 {[%emt 0:00:00]} Rxd4+ {[%emt 0:00:00]} 0-1